Make me an offer (Record no. 92693)

MARC details
000 -LEADER
fixed length control field 00475cam a2200205 4500
001 - CONTROL NUMBER
control field B2497
008 - FIXED-LENGTH DATA ELEMENTS--GENERAL INFORMATION
fixed length control field 090401t1974 xxu||||| |||| 00| 0 eng d
035 ## - SYSTEM CONTROL NUMBER
System control number (Sirsi) u50330
041 ## - LANGUAGE CODE
Language code of text/sound track or separate title eng
050 ## - LIBRARY OF CONGRESS CALL NUMBER
Classification number 333.33092
100 ## - MAIN ENTRY--PERSONAL NAME
Personal name Tibbetts, T.Leslie
245 ## - TITLE STATEMENT
Title Make me an offer
260 ## - PUBLICATION, DISTRIBUTION, ETC.
Place of publication, distribution, etc. Stourbridge
Name of publisher, distributor, etc. The author
Date of publication, distribution, etc. 1974
300 ## - PHYSICAL DESCRIPTION
Extent 88p. : ill. ; 18cm.
350 ## - PRICE (NR) (BK AM CF MU VM SE) [OBSOLETE]
Price 6.95
650 ## - SUBJECT ADDED ENTRY--TOPICAL TERM
Topical term or geographic name entry element AUCTIONEERS
650 ## - SUBJECT ADDED ENTRY--TOPICAL TERM
Topical term or geographic name entry element BIOGRAPHIES
942 ## - ADDED ENTRY ELEMENTS (KOHA)
Suppress in OPAC 0
948 ## - LOCAL PROCESSING INFORMATION (OCLC); SERIES PART DESIGNATOR (RLIN)
c (OCLC) 04/03/1997
Holdings
Withdrawn status Lost status Source of classification or shelving scheme Damaged status Not for loan Home library Current library Shelving location Date acquired Cost, normal purchase price Total Checkouts Full call number Barcode Date last seen Copy number Cost, replacement price Price effective from Koha item type
    Dewey Decimal Classification     London London Basement 12/08/1991 6.95   SHELF 202 30002448 06/08/2019 1 6.95 06/08/2019 Book